Lavrador de palavras e ideias (Registo nº 4127)

Detalhes MARC
000 -Etiqueta do registo
Cabeçalho 00615cam a2200229 4500
005 - Identificador da versão
Campo de controlo 20240813122053.0
095 ## -
-- PTBN00006049
100 ## - Dados gerais de processamento
Dados gerais de processamento 19790101d1978 m a0pory5003 ba
102 ## - Pais de publicação ou produção
País de publicação Portugal
101 0# - Língua de publicação
Língua do texto, banda sonora, etc. Português
106 ## - Campo de dados codificados: material textual
Dados codificados do material textual r
105 ## - Campo de dados codificados: livros
Dados codificados dos livros a z 000yy
215 ## - Descrição física 
Indicação específica da natureza do documento e extensão da espécie 39, [1] p.
Outras indicações físicas il.
Dimensões 21 cm
Material acompanhante recorte ([1] f.)
200 1# - Titulo e menção de responsabilidade
Título próprio Lavrador de palavras e ideias
Primeira menção de responsabilidade Miguel Torga
210 ## - Publicação, Distribuição, etc. 
Lugar da edição, distribuição, etc. Lisboa
Nome do editor, distribuidor, etc. Ministério da Comunicação Social
Data da publicação, distribuição, etc. 1978
675 ## - Classificação Decimal Universal (CDU)
Notação 821.134.3-1"19"
Edição BN
Língua da edição por
700 #1 - Nome de autor-pessoa física (responsabilidade principal)
Número de registo de entrada de autoridade 0000754
Palavra de ordem Torga
Outra parte do nome não tomada para palavra de ordem Miguel
Elementos de identificação ou distinção pseud.
942 ## - Elementos de entrada adicionados (Koha)
Tipo de item no Koha Livro
Exemplares
Situação do levantamento Origin of item (home branch) (coded) Biblioteca de empréstimo Código de barras Cota Circulation type (not for loan) Tipo de documento Nota do exemplar Damaged status
  Biblioteca Escolar das Vendas Biblioteca Escolar das Vendas BEV500 8POR TOR   Livro Sem mensagem